000 00255nam a22001217a 4500
008 180201b xxu||||| |||| 00| 0 eng d
041 _aeng
080 _a37
100 _a45
101 _aEDU
245 _aTEACH WITH ENERGY
_cLINDA.W
942 _2udc
_cBK
999 _c41483
_d41483